History of ancient India : (Record no. 73079)

MARC details
000 -LEADER
fixed length control field 00947nam a22002537a 4500
005 - DATE AND TIME OF LATEST TRANSACTION
control field 20180226162027.0
010 ## - LCCN (DPL NO)
LC control number ENG-106599
020 ## - INTERNATIONAL STANDARD BOOK NUMBER
International Standard Book Number 9788183822473
Terms of availability 395.00
020 ## - INTERNATIONAL STANDARD BOOK NUMBER
Terms of availability 450.00(AV)
035 ## - SYSTEM CONTROL NUMBER
System control number EN-90132
035 ## - SYSTEM CONTROL NUMBER
System control number B-667681
037 ## - SOURCE OF ACQUISITION
Source of stock number/acquisition DBAD/PUB
082 ## - DEWEY DECIMAL CLASSIFICATION NUMBER
Classification number 954.01
100 ## - MAIN ENTRY--PERSONAL NAME
Personal name Mehta, J.L.
245 ## - TITLE STATEMENT
Title History of ancient India :
Statement of responsibility, etc by J.L. Mehta [ and ] Sarita Mehta
Remainder of title (from the earliest times to 1206 A.D.) /
260 ## - PUBLICATION, DISTRIBUTION, ETC. (IMPRINT)
Place of publication, distribution, etc New Delhi
Name of publisher, distributor, etc Lotus Press
Date of publication, distribution, etc 2013
270 ## - ADDRESS
Address 4263/3, Ansari Road, Daryaganj
City New Delhi
Postal code 110002
300 ## - PHYSICAL DESCRIPTION
Extent xvi, 815p.
Dimensions 22cm(pbk)
500 ## - GENERAL NOTE
General note Includes bibliographical references and index
700 ## - ADDED ENTRY--PERSONAL NAME
Personal name Mehta, Sarita
9 (RLIN) 54846
942 ## - ADDED ENTRY ELEMENTS (KOHA)
Source of classification or shelving scheme Dewey Decimal Classification
Item type English Books
Classification part 954.01
Call number suffix MEH
Holdings
Withdrawn status Lost status Not for loan Collection code Home library Current library Date acquired Source of acquisition Cost, normal purchase price Full call number Barcode Copy number Cost, replacement price Koha item type
      Non-fiction Ashok Vihar Ashok Vihar 26/02/2018 KKP/BL277/24.2.2017/EN/13-14/AV/354/15.2.2017/17.3.2017 450.00 954.01 MEH B-667681 1 450.00 English Books
      Non-fiction Bawana Bawana 01/05/2014 KKP/BL3444/24.10.2013/31/10.10.2013/29.10.2013 395.00 954.01 MEH B-528404 1 395.00 English Books
      Non-fiction Central Jail Tihar Central Jail Tihar 01/05/2014 KKP/BL3444/24.10.2013/31/10.10.2013/29.10.2013 395.00 954.01 MEH B-528402 1 395.00 English Books
      Non-fiction Central Library Central Library 01/05/2014 KKP/BL3444/24.10.2013/31/10.10.2013/29.10.2013 395.00 954.01 MEH B-528391 1 395.00 English Books
    Not For Loan Reference Central Library Central Library 01/05/2014 KKP/BL3444/24.10.2013/31/10.10.2013/29.10.2013 395.00 954.01 MEH B-528392 1 395.00 English Books
      Non-fiction D.B.Act.Division D.B.Act.Division 17/01/2013 DBAD/PUB 395.00 954.01 MEH EN-90132 1 395.00 English Books
      Non-fiction Janak Puri Janak Puri 01/05/2014 KKP/BL3444/24.10.2013/31/10.10.2013/29.10.2013 395.00 954.01 MEH B-528403 1 395.00 English Books
      Non-fiction Kasturba Gandhi Marg Kasturba Gandhi Marg 01/05/2014 KKP/BL3444/24.10.2013/31/10.10.2013/29.10.2013 395.00 954.01 MEH B-528399 1 395.00 English Books
      Non-fiction Mobile Library Mobile Library 01/05/2014 KKP/BL3444/24.10.2013/31/10.10.2013/29.10.2013 395.00 954.01 MEH B-528393 4 395.00 English Books
  Written-off vide DLB M. No. 383 dt 16.05.19   Non-fiction Mobile Library Mobile Library 01/05/2014 KKP/BL3444/24.10.2013/31/10.10.2013/29.10.2013 395.00 954.01 MEH B-528394 4 395.00 English Books
      Non-fiction Mobile Library Mobile Library 01/05/2014 KKP/BL3444/24.10.2013/31/10.10.2013/29.10.2013 395.00 954.01 MEH B-528395 4 395.00 English Books
      Non-fiction Mobile Library Mobile Library 01/05/2014 KKP/BL3444/24.10.2013/31/10.10.2013/29.10.2013 395.00 954.01 MEH B-528396 4 395.00 English Books
      Non-fiction New Police Line New Police Line 01/05/2014 KKP/BL3444/24.10.2013/31/10.10.2013/29.10.2013 395.00 954.01 MEH B-528397 1 395.00 English Books
      Non-fiction Patel Nagar Patel Nagar 01/05/2014 KKP/BL3444/24.10.2013/31/10.10.2013/29.10.2013 395.00 954.01 MEH B-528398 1 395.00 English Books
      Non-fiction Peshwa Road Peshwa Road 01/05/2014 KKP/BL3444/24.10.2013/31/10.10.2013/29.10.2013 395.00 954.01 MEH B-528400 1 395.00 English Books
      Non-fiction Shahdara Branch Shahdara Branch 01/05/2014 KKP/BL3444/24.10.2013/31/10.10.2013/29.10.2013 395.00 954.01 MEH B-528405 1 395.00 English Books
      Non-fiction Tri Nagar Tri Nagar 01/05/2014 KKP/BL3444/24.10.2013/31/10.10.2013/29.10.2013 395.00 954.01 MEH B-528401 1 395.00 English Books

© Delhi Public Library
Hit Counter
free hit counter